Word Ladder: Politicians in Cyberspace Quiz Stats

Quiz Updated Oct 25, 2017

Challenge
Share
Tweet
Embed
Score 0/26 Timer 03:00
0 Plays Today
Clue 4-Letter Word % Correct
2. Citrus fruit; shade of greenLIME
99%
3. They cause head scratchingLICE
97.8%
10. Z's position in the alphabetLAST
97.4%
4. Stroke of the tongueLICK
97%
11. Quick; go without foodFAST
96.6%
14. Speed contestRACE
96.1%
13. Photo pose made with puckered lips: [Rungs 6+13]
Zuckerberg's social media website: [Rungs 13+18]
•FACE•
96%
9. One of the seven deadly sinsLUST
95.8%
17. Knight's neighbor in chessROOK
95%
18. Zuckerberg's social media website: [Rungs 13+18]
A person devoted to reading and study: [Rungs 18+21]
•BOOK•
94.6%
12. Undisputed truthFACT
94%
8. Attic buildupDUST
93.4%
16. ____ of GibraltarROCK
93.4%
Clue 4-Letter Word % Correct
15. Triangle on a pool tableRACK
93.3%
5. Gambling assetLUCK
91.6%
24. Sometimes 'less' is this?MORE
91.6%
25. Lawn-wrecking mammalMOLE
89.9%
6. One whose term of office will soon end: [Rungs 1+ 6]
Photo pose made with puckered lips: [Rungs 6+13]
•DUCK•
89.5%
23. Fairway alertFORE
87.3%
7. It brings a tear to the eyeDUCT
85.9%
22. Definite shape; application to fill outFORM
85.9%
26. Hypothetical shortcut in outer space: [Rungs 21+26]•HOLE•
85.7%
21. A person devoted to reading and study: [Rungs 18+21]
Hypothetical shortcut in outer space: [Rungs 21+26]
•WORM•
84.3%
20. Opposite of playWORK
84%
19. 'Swedish Chef' interjectionBÖRK
82%
1. One whose term of office will soon end: [Rungs 1+6]•LAME•
81%

Today's Daily Dose

Missing 'O' Word in Every Category

On This Day
April 19th II

You're not logged in!

Compare scores with friends on all Sporcle quizzes.
Sign Up with Email
OR
Log In

You Might Also Like...

Show Comments

Extras

Top Quizzes Today


Score Distribution

Your Account Isn't Verified!

In order to create a playlist on Sporcle, you need to verify the email address you used during registration. Go to your Sporcle Settings to finish the process.

Report this User

Report this user for behavior that violates our Community Guidelines.

Details: